00469nam a2200145Ia 4500008004100000041000800041082001700049100001500066245002900081260003700110300003100147365000700178999001500185952012300200240624s9999 xx 000 0 und d aeng a658.4012 HAM aHAMEL GARY aCOMPETING FOR THE FUTURE c1994aNew DelhibTata McGrawhill axxi, : 357 : p. : cm. ; 25 cRS c1600d1600 00104070aIMTNbIMTNcRack 28-Bd2004-12-10eJBDg275.00o658.4012 HAMp1600r2024-06-24 00:00:00t1w2024-06-24yBK